000 00539nam a2200169 4500
001 120502
003 ES-MaACL
005 20250921063031.0
007 t|
008 070214s1923 fr r ||||1| fre d
100 1 _aPitollet, Camille,
_d1874-1964
_992417
245 1 0 _aNotes sur Véronnes-les-grandes et les-petites /
_cCamille Pitollet.
260 _a[S. l.] :
_b[s. n.],
_c1923 (
_eLe Puy-en-Velay :
_fPeyriller Rouchon et Gamon)
300 _a112 p. ;
_c25 x 17 cm.
852 _aES-MaACL
_jF-6732
999 _c120502
_d120502